000 00675nam a2200181Ia 4500
008 090123s9999 xx 000 0 und d
082 _b18643
100 _aनाडकर्णी आनंद
245 _aएका सायकिअॅट्रीस्टची डायरी
250 _a1
260 _bअक्षर छाया
_c1990
300 _a112
600 _aनाडकर्णी आनंद
630 _aएका सायकिअॅट्रीस्टची डायरी
700 _aनाडकर्णी आनंद
730 _aएका सायकिअॅट्रीस्टची डायरी
942 _cBOOK
999 _c56706
_d56706